000 01075cam a22003252 4500
001 28994
003 BD-RjUL
005 20211209051346.0
008 140401s1956 maua 001 0 eng
035 _a(BD-RjUL)29079
040 _aDLC
_cDLC
_dVET
_dUKM
_dEQO
_dBD-RjUL
_beng
041 _aeng
082 _a150
_bSHP 1956
100 1 _aShaffer, Laurance Frederic,
_d1903-
_988525
245 1 4 _aThe psychology of adjustment :
_ba dynamic and experimental approach to personality and mental hygiene /
_c[by] Laurance Frederic Shaffer [and] Edward Joseph Shoben. Jr.
250 _a2d ed.
260 _aBoston :
_bHoughton Mifflin,
_c1956.
300 _a672 p. :
_bill. ;
_c23 cm.
504 _aIncludes index.
650 0 _aAdjustment (Psychology)
_93962
650 0 _aPersonality.
_988575
650 0 _aMental health.
_988576
650 2 _aAdaptation, Psychological.
_93965
650 2 _aMental Health.
_988577
650 2 _aPersonality.
_988578
700 1 _aShoben, Edward Joseph.
_988528
942 _2ddc
_cBK
999 _c28994
_d28994